Дело об определении в унтер-офицеры при Дирекции Сидора Федорова

Доступно только в Электронных читальных залах Найти на картеНа карте
RUSMARC
00003575nmc2a22000003x 450
001f5c40dcc-52e5-4373-b083-cee601ec3447
00520181003103056.0
100##$a20161209l18121812k l0rusy0189 ca
1010#$arus
102##$aRU
2001#$aДело об определении в унтер-офицеры при Дирекции Сидора Федорова
$j29 сентября 1812 г.
251##$cДело
300##$aДело
801#0$aRU
$bРГИА
$c20161209
$gRCR
801#1$aRU
$bГлавНИВЦ
$c20161209
$2rusmarc
801#2$aRU
$bПБ им. Б.Н. Ельцина
$c20181003
$gRCR
$2rusmarc
850##$aРГИА
852##$aРГИА
$eФедеральное казенное учреждение "Российский государственный исторический архив" (РГИА)
$j1038
937##$hРГИА
$d12235138
$aASBIBLIO_SCAN
462#0$1001dd3991dc-24e1-42ec-8838-ca4255420416
$12001
$a1746-1850 гг.
$1251
$cОпись
$1852
$j1
461#0$10019264ebf8-de62-4f1a-9eb4-9f22098dbbd5
$12001
$aДирекция императорских театров МИДв
$1251
$cФонд
$1852
$j497
215##$a5 л.
$d36,5х26 см
371##$aДокумент не является опубликованным и широко распространяемым
105##$ay###
1220#$ad
035##$af5c40dcc-52e5-4373-b083-cee601ec3447
856##$uhttp://readingroom.main.prlib.ru/item.aspx?id_node=n118831026&mode=full
Формат отображения